Statistics for Challenge Typing #9: Increasing letters challenge part 1

Click here to take the quiz!

General Stats

  • This quiz has been taken 18 times
  • The average score is 29 of 30

Answer Stats

HintAnswer% Correct
aa
100%
accidentallyaccidentally
100%
administrativeadministrative
100%
alternativelyalternatively
100%
anan
100%
anachronisticallyanachronistically
100%
antedecentantedecent
100%
arteriolosclerosisarteriolosclerosis
100%
authoritarianismauthoritarianism
100%
bridgebridge
100%
counterintelligencecounterintelligence
100%
counterrevolutionarycounterrevolutionary
100%
icebreakersicebreakers
100%
representrepresent
100%
roadroad
100%
stealthystealthy
100%
stepperstepper
100%
thethe
100%
traintrain
100%
abdominohysterectomiesabdominohysterectomies
94%
alkenyldenecyclopropanealkenyldenecyclopropane
94%
appropriatenessappropriateness
94%
dichlorodifluoromethanedichlorodifluoromethane
94%
electroencephalogramelectroencephalogram
94%
electroencephalographicallyelectroencephalographically
94%
acrocephalopolysyndactylyacrocephalopolysyndactyly
88%
antidisestablishmentarianismantidisestablishmentarianism
88%
floccinaucinihilipilificationfloccinaucinihilipilification
88%
pneumoencephalographicallypneumoencephalographically
88%
pseudopseudohypoparathyroidismpseudopseudohypoparathyroidism
75%

Score Distribution

Percentile by Number Answered

Percent of People with Each Score

Your Score History

You have not taken this quiz